| 000 | 00429nam a2200169Ia 4500 | ||
|---|---|---|---|
| 008 | 121019t xxu||||| |||| 00| 0 sin d | ||
| 041 | _asin | ||
| 080 |
_a8 S 31 _bWIJ |
||
| 100 | _aWijayapala,Winsant | ||
| 245 | _aනිදි නැති රාත්රිය | ||
| 246 | _aNidi Nathi Rathriya | ||
| 260 | _bAberathna | ||
| 300 | _a59p., 18 cm | ||
| 942 | _cBK | ||
| 999 |
_c74246 _d74246 |
||
| 003 | LK-CoDNM | ||
| 040 |
_aLK-CoDNM _dLK-CoDNM _eLK-CoDNM |
||